LDR 00566naa#a2200181#i#450# 001 EN\NORMA\bibl\56494 005 20260516080600.6 011 ## _a1605-6590 100 ## _a20230106b2023####ek#y0engy0150####ca 102 ## _aRU 200 1# _aThe Life Path and Creative Legacy of Professor Anatoly B. Vengerov _eJournal article 210 1# _aMoscow _cLegal publishing house Norm _d2023 215 ## _a0 с. 608 ## _aJournal article _2local 675 ## _aПраво. Юридические науки. 34 _z 700 #1 _aChernogor _gNikolay 700 #1 _aZaloilo _gMaksim 856 4# _anaukaru.ru _u